Entrada Nombre personal
Número de registros utilizados en: 2
001 - NÚMERO DE CONTROL
003 - IDENTIFICADOR DEL NÚMERO DE CONTROL
- campo de control:
DR-UNIBE
005 - FECHA Y HORA DE LA ÚLTIMA TRANSACCIÓN
- campo de control:
20251009145518.0
008 - DATOS DE LONGITUD FIJA
- campo de control de longitud fija:
251009|| aca||aabn | a|a d
040 ## - FUENTE DE LA CATALOGACIÓN
- Centro catalogador/agencia de origen:
DR-UNIBE
- Centro/agencia transcriptor:
DR-UNIBE
100 ## - ENCABEZAMIENTO-NOMBRE DE PERSONA
- Nombre de persona:
Lois Malkún, José E.
- Forma completa/desarrollada del nombre:
(Lois Malkun, José Enrique)
670 ## - FUENTE DE DATOS ENCONTRADOS
- Cita de la fuente:
Work cat.: (DR-UNIBE)2616: Lois Malkún, José E. (Lois Malkun, José Enrique) autor, Evaluación estructura y organización del subdirector ganadero en la República Dominicana / , 1979